Statistiques concernant Top 20 valeurs marchandes: Serie A 2023/2024

Cliquez ici pour prendre le quiz!

Statistiques générales

  • Ce quiz a été pris 121 fois
  • Le résultat moyen est 10 sur 20

Statistiques - réponses

Valeur(millions)JoueurClub% Correct
90LeaoAc milan
96%
120OsimhenNaples
95%
85MartinezInter
87%
60HernandezAc milan
79%
75BarellaInter
78%
40ChiesaJuventus
70%
70VlahovicJuventus
70%
45MaignanAc milan
68%
85KvaratskheliaNaples
59%
60BastoniInter
49%
40TomoriAc milan
46%
40RabiotJuventus
44%
40AbrahamRome
41%
40BennacerAc milan
33%
40BremerJuventus
26%
40AnguissaNaples
23%
35DimarcoInter
22%
40LobotkaNaples
21%
40CalhanogluInter
13%
40ScalviniAtalanta
5%

Distribution des résultats

Percentile par nombre de réponses

% des personnes avec chaque résultat

Votre développement - résultats

Vous n’avez pas pris ce quiz